| 000 | | | 04094nac2a22002651x 450 |
| 001 | | | afc8fd5d-d4f0-41b9-8342-02548abf0ee8 |
| 005 | | | 20150522070502.0 |
| 100 | ## | $a | 20140912l19171917k y0rusy50 ca |
| 101 | 0# | $a | rus |
| 102 | ## | $a | RU |
| 105 | ## | $a | y z |||e| |
| 122 | 2# | $a | d19170630 |
| | $a | d19171031 |
| 200 | 1# | $a | Письма и телеграммы исполнительных комитетов местных Советов рабочих и солдатских депутатов, фронтовых, полковых и гарнизонных комитетов и отдельных лиц в отдел по подготовке выборов в Учредительное собрание о зачислении на курсы инструкторов, о присылке на места инструкторов и литературы, о невозможности местных организаций послать своих представителей на курсы и другим вопросам |
| | $j | Июнь-октябрь 1917 |
| 215 | ## | $a | 189 листов |
| 251 | ## | $c | Дело |
| 300 | ## | $a | Часть текста рукописная, часть машинописная |
| 324 | ## | $a | В деле имеются копии |
| 330 | ## | $a | Дополнение к описи; Отдел по подготовке выборов в Учредительное собрание: Курсы по подготовке инструкторов по выборам в Учредительное собрание |
| 461 | #0 | $1 | 001RuPRLIB510117806 |
| | $1 | 2001 |
| | $a | Всероссийский центральный исполнительный комитет советов рабочих и солдатских депутатов I-го созыва |
| | $1 | 251 |
| | $c | Фонд |
| | $1 | 852 |
| | $g | Р |
| | $j | 6978 |
| 462 | #0 | $1 | 001b0fd6bf0-8147-487c-a3d9-1c46b2df3e79 |
| | $1 | 2001 |
| | $a | Всероссийский центральный исполнительный комитет советов рабочих и солдатских депутатов I-го созыва |
| | $1 | 251 |
| | $c | Фонд |
| | $1 | 852 |
| | $j | 6978 |
| 601 | 02 | $a | Всероссийский центральный исполнительный комитет с. р. и с. д. Созыв (1) |
| 601 | 02 | $3 | RU\NLR\AUTH\8810361 |
| | $a | Всероссийское учредительное собрание |
| | $c | 1918 |
| 801 | #0 | $a | RU |
| | $b | GA_RF |
| 801 | #1 | $a | RU |
| | $b | НПО Опыт |
| | $c | 20140912 |
| | $2 | rusmarc |
| 801 | #2 | $a | RU |
| | $b | ПБ им. Б.Н. Ельцина |
| | $c | 20150522 |
| | $g | RCR |
| | $2 | rusmarc |
| 852 | ## | $a | ГА РФ |
| | $j | 1012 |
| 937 | ## | $d | 50931242 |
| | $h | ПБ |
| 035 | ## | $a | RuPRLIB51016658 |